Nástroje systému Microsoft Sharepoint a možnosti ich uplatnenia v projektovom manažmente
Otázky efektívneho využívania ľudského kapitálu pomocou informačných technológií. Možnosti publikovania podnikových informácií na webe. Microsoft SharePoint Portal Server ako webové portálové riešenie. Najdôležitejšie funkcie aplikácie Microsoft SharePoint Portal Server.
Enregistré dans:
| Auteur principal: | |
|---|---|
| Format: | Chapitre de livre |
| Langue: | slovaque |
| Sujets: | |
| Tags: |
Pas de tags, Soyez le premier à ajouter un tag!
|
MARC
| LEADER | 00000naa$a2200000$$$4500 | ||
|---|---|---|---|
| 001 | 0040977 | ||
| 005 | 20231013084312.6 | ||
| 041 | 0 | |a slo | |
| 044 | |a SK | ||
| 245 | 1 | 0 | |a Nástroje systému Microsoft Sharepoint a možnosti ich uplatnenia v projektovom manažmente |c Jozef Výboch |
| 520 | |a Otázky efektívneho využívania ľudského kapitálu pomocou informačných technológií. Možnosti publikovania podnikových informácií na webe. Microsoft SharePoint Portal Server ako webové portálové riešenie. Najdôležitejšie funkcie aplikácie Microsoft SharePoint Portal Server. | ||
| 610 | 2 | 0 | |a manažment |
| 610 | 2 | 0 | |a informácie |
| 610 | 2 | 0 | |a systémy informačné |
| 610 | 2 | 0 | |a riadenie projektové |
| 610 | 2 | 0 | |a kapitál ľudský |
| 610 | 2 | 0 | |a technológie informačné |
| 610 | 2 | 0 | |a technológie znalostné |
| 610 | 2 | 0 | |a servery |
| 100 | 1 | |a Výboch, Jozef | |